1735 1342 1231 1682 1134 1703 1170 1541 1295 1047 1908 1943 1459 1727 1468 1918 1306 1129 1133 1199 1103 1142 1450 1207 1326 1988 1344 1731 1516 1013 1004 1186 1191 1849 1127 1592 1950 1505 1416 1145 1967 1978 1061 1115 1165 1563 1059 1480 1065 1574 1376 1424 1900 1725 1642 1059 1002 1921 1745 1643 1163 1079 1955 1473 1889 1212 1213 1589 1566 1429 1184 1817 1524 1251 1772 1178 1099 1158 1818 1072 1678 1971 1922 1003 1875 1695 1921 1246 1248 1714 1391 1956 1150 1543 1744 1675 1901 1313 1205 BCNSPRNW ULIB Ver.6.0+V

เปลี่ยนเป็นภาษาไทย

Change to English
 แสดงรายละเอียดบรรณานุกรม
  กลับหน้าหลัก

Brief Record : Get Marc (ISO 2709) : E-mail record : QR code < ปิดหน้าต่าง
LEADER : 00000nam 2200000uu 4500
001    13399113459
003     ULIB
008    110714s2550||||th 000 0 tha d
020    9789748099491
090    นว.^bง821ส 2550
100 0  เงาตะวัน
245 00 เสน่หาในรอยทราย/^cเงาตะวัน
250    พิมพ์ครั้งที่ 1
260    กรุงเทพฯ :^bลีลา,^c2550
300    279 หน้า
710 1  ลีลา
945    ^p200^l0^i022066
995    ทศพร
999     ^aใช้งานได้ทุกระบบ
รายการนี้ยังไม่มีแท็ก
คุณยังไม่ได้ล็อกอิน คุณสามารถมีกิจกรรมร่วมกับเว็บไซต์ได้ แต่ต้องล็อกอินก่อน ::
  ล็อกอิน

รายการสื่อสารสนเทศ

ลำดับที่ ประเภท เลขเรียก/บาร์โค้ด สถานที่ สถานะ
1. นวนิยาย
นวนิยาย
นว. ง821ส 2550 ฉ.1 
  Barcode: 022066
ห้องสมุดวิทยาเขตสวรรค์ประชารักษ์
►นวนิยาย
บนชั้น
  ขอยืม

รายการใกล้เคียง
    ผู้แต่ง [เงาตะวัน]

BibComment


ยังไม่เคยถูกคอมเมนท์

คอมเมนท์ทรัพยากรรายการนี้
  คอมเมนท์: เสน่หาในรอยทราย เ..


 Copyright 2026. Bcnsprnw @Library